Statistiques concernant Meilleurs Passeurs de Serie A par Saison depuis 1999/2000

Cliquez ici pour prendre le quiz!

Statistiques générales

  • Ce quiz a été pris 40 fois
  • Le résultat moyen est 10 sur 24

Statistiques - réponses

AnnéeClubMeilleur ButeurNombre de Buts% Correct
2013-2014AS RomeFrancesco Totti10
84%
2011-2012Juventus TurinAndrea Pirlo13
79%
1999-2000Juventus TurinAlessandro Del Piero14
76%
2015-2016Juventus TurinPaul Pogba12
71%
2021-2022US SassuoloDomenico Berardi15
68%
2018-2019SSC NaplesDries Mertens11
68%
2012-2013SSC NaplesMarek Hamsik14
68%
2014-2015SSC NaplesMarek Hamsik10
68%
2004-2005Milan ACKaka13
66%
2007-2008AC MilanKaka11
66%
2022-2023SSC NaplesKhvicha Kvaratskhelia10
61%
2019-2020Atalanta BCAlejandro Gomez16
55%
2000-2001Juventus TurinZinédine Zidane13
55%
2017-2018Lazio RomeLuis Alberto14
53%
2016-2017SSC NaplesJosé Callejon12
32%
2009-2010AC MilanRonaldinho14
29%
2020-2021Atalanta BCRuslan Malinovskyi12
18%
2002-2003Lazio RomeClaudio Lopez14
13%
2006-2007ACF FiorentinaAdrian Mutu10
8%
2010-2011Cagliari CalcioAndrea Cossu13
3%
2003-2004AS RomeMancini11
3%
2001-2002AC Chievo VeroneEugenio Corini13
0%
2005-2006Lazio RomeMassimo Oddo13
0%
2008-2009Cagliari CalcioMichele Fini13
0%

Distribution des résultats

Percentile par nombre de réponses

% des personnes avec chaque résultat

Votre développement - résultats

Vous n’avez pas pris ce quiz